书目信息 |
| 题名: |
服装材料与应用
|
|
| 作者: | 吕航 , 赖秋劲 主编 | |
| 分册: | ||
| 出版信息: | 北京 高等教育出版社 2014 |
|
| 页数: | 179页 | |
| 开本: | 28cm | |
| 丛书名: | ||
| 单 册: | ||
| 中图分类: | TS941.15 | |
| 科图分类: | ||
| 主题词: | 服装--材料--职业教育--教材 | |
| 电子资源: | ||
| ISBN: | 978-7-04-039459-7 | |
| 000 | 00945nam0 2200253 450 | |
| 001 | 0103325509 | |
| 005 | 20150123093604.0 | |
| 010 | @a978-7-04-039459-7@dCNY28.60 | |
| 100 | @a20141121d2014 em y0chiy0120 ea | |
| 101 | 0 | @achi |
| 102 | @aCN@b110000 | |
| 105 | @aa z 000yy | |
| 106 | @ar | |
| 200 | 1 | @a服装材料与应用@9Fu Zhuang Cai Liao Yu Ying Yong @f吕航,赖秋劲主编@b专著 |
| 210 | @a北京@c高等教育出版社@d2014 | |
| 215 | @a179页@c图@d28cm | |
| 300 | @a“十二五”职业教育国家规划教材 “十二五”职业教育服装设计系列教材 | |
| 330 | @a本书共分十章,内容包括:绪论、纺织纤维、纱线、织物的构成、机织服装材料、针织服装材料、其他服装材料、服装辅料的认识与应用、服装材料的选用和服装材料的洗涤、熨烫与保管。 | |
| 606 | 0 | @a服装@x材料@x职业教育@j教材 |
| 690 | @aTS941.15@v5 | |
| 701 | 0 | @a吕航@c(服装)@9lv hang@4主编 |
| 701 | 0 | @a赖秋劲@c(服装)@9lai qiu jin@4主编 |
| 801 | 0 | @aCN@bZL@c20140924 |
| 905 | @aBZT@dTS941.15@e5@f1@sTS941.15/5 | |
| 服装材料与应用/吕航,赖秋劲主编.-北京:高等教育出版社,2014 |
| 179页:图;28cm |
| “十二五”职业教育国家规划教材 “十二五”职业教育服装设计系列教材 |
| ISBN 978-7-04-039459-7:CNY28.60 |
| 本书共分十章,内容包括:绪论、纺织纤维、纱线、织物的构成、机织服装材料、针织服装材料、其他服装材料、服装辅料的认识与应用、服装材料的选用和服装材料的洗涤、熨烫与保管。 |
| ● |
| 相关链接 |
|
|
|
正题名:服装材料与应用
索取号:TS941.15/5
 
预约/预借
| 序号 | 登录号 | 条形码 | 馆藏地/架位号 | 状态 | 备注 |
| 1 | 2000032123 | 2000032123 | 旧书回溯/ [索取号:TS941.15/5] | 在馆 |